书目信息 |
| 题名: |
世界上下五千年
|
|
| 作者: | 苏连营 主编 | |
| 分册: | 4 | |
| 出版信息: | 沈阳 辽海出版社 2010.05 |
|
| 页数: | 705-942页 | |
| 开本: | 25cm | |
| 丛书名: | 文化百科丛书 | |
| 单 册: | ||
| 中图分类: | K109 | |
| 科图分类: | ||
| 主题词: | 世界史--shi jie shi--历史 | |
| 电子资源: | ||
| ISBN: | 978-7-5451-0280-2 | |
| 000 | 00711nam 2200241 450 | |
| 001 | CAL 012010141184 | |
| 005 | 20111228154711.75 | |
| 010 | @a978-7-5451-0280-2@dCNY29.50 | |
| 100 | @a20100610d2010 ekmy0chiy50 ea | |
| 101 | 0 | @achi |
| 102 | @aCN@b210000 | |
| 105 | @aa z 000yy | |
| 200 | 1 | @a世界上下五千年@Ashi jie shang xia wu qian nian@h4@f主编苏连营 |
| 205 | @a第2版 | |
| 210 | @a沈阳@c辽海出版社@d2010.05 | |
| 215 | @a705-942页@c图@d25cm | |
| 225 | 2 | @a文化百科丛书@Awen hua bai ke cong shu |
| 410 | 0 | @12001 @a文化百科丛书 |
| 606 | 0 | @a世界史@Ashi jie shi@x历史 |
| 690 | @aK109@v4 | |
| 701 | 0 | @a苏连营@Asu lian ying@4主编 |
| 801 | 0 | @aCN@bHNUL@c20111228 |
| 905 | @aZUCC@dK109@eS810=2:4@f6 | |
| 世界上下五千年.4/主编苏连营.-第2版.-沈阳:辽海出版社,2010.05 |
| 705-942页:图;25cm.-(文化百科丛书) |
| ISBN 978-7-5451-0280-2:CNY29.50 |
| ● |
| 相关链接 |
|
|
|
正题名:世界上下五千年
索取号:K109/S810=2:4
 
预约/预借
| 序号 | 登录号 | 条形码 | 馆藏地/架位号 | 状态 | 备注 |
| 1 | 1185102 | 211851021 | 自科二线404/400A自科库 8排2列4层/ [索取号:K109/S810=2:4] | 在馆 | |
| 2 | 1185103 | 211851030 | 社科库309/309社科库 104排3列4层/ [索取号:K109/S810=2:4] | 在馆 | |
| 3 | 1185104 | 211851049 | 自科二线404/400A自科库 8排2列4层/ [索取号:K109/S810=2:4] | 在馆 | |
| 4 | 1190736 | 211907365 | 自科二线404/400A自科库 8排2列4层/ [索取号:K109/S810=2:4] | 在馆 | |
| 5 | 1190737 | 211907374 | 社科库309/309社科库 104排3列4层/ [索取号:K109/S810=2:4] | 在馆 | |
| 6 | 1190738 | 211907383 | 自科二线404/400A自科库 8排2列4层/ [索取号:K109/S810=2:4] | 在馆 |